Antiquitas Hungarica A klasszikus örökség, a magyar föld régi népei, nemzetünk kulturhagyatéka és népi hagyományai

Elmentve itt :
Bibliográfiai részletek
További közreműködők: Nagy Tibor
Dokumentumtípus: Cikk
Megjelent: Pázmány Péter Tudományegyetem Érem- és Régiségtani Intézete Budapest 1947
Tárgyszavak:
Online Access:http://misc.bibl.u-szeged.hu/63886
LEADER 00797nab a2200193 i 4500
001 misc63886
005 20230310094428.0
008 221122s1947 hu o 0|| hun d
040 |a SZTE Miscellanea Repozitórium  |b hun 
041 |a hun 
245 0 0 |a Antiquitas Hungarica   |h [elektronikus dokumentum] :  |b A klasszikus örökség, a magyar föld régi népei, nemzetünk kulturhagyatéka és népi hagyományai 
260 |a Pázmány Péter Tudományegyetem Érem- és Régiségtani Intézete  |b Budapest  |c 1947 
300 |a 108 p.  |c 24 cm 
561 |a Németh Gyula hagyaték 
591 |a NOA 4006 
650 4 |a Bölcsészettudományok 
650 4 |a Történettudomány és régészet 
700 0 1 |a Nagy Tibor 
856 4 0 |u http://misc.bibl.u-szeged.hu/63886/1/4006_noa.pdf  |z Dokumentum-elérés